000 00250nam a2200109Ia 4500
008 190914s9999||||xx |||||||||||||| ||und||
100 _aDr,Mubarak Ali
245 0 _aShahi Mehal
260 _aDelhi
_bAddison -Wesley
_c1985
300 _a323
942 _cBK
999 _c8923
_d8923